| 000 | 00823cab a2200241 4500 | ||
|---|---|---|---|
| 001 | ABS55762 | ||
| 008 | 090401t1996 xxu||||| |||| 00| 0 eng d | ||
| 035 | _a(Sirsi) u18646 | ||
| 041 | _aeng | ||
| 100 | _aAnchor, R. | ||
| 245 | _aConcrete shell roofs, 1945-1965 | ||
| 260 | _c1996 | ||
| 350 | _a0 | ||
| 490 |
_aProceedings of the Institution of Civil Engineers _v116(3&4) August/November 1996, 381-389(9) |
||
| 520 | _aConsiders the commercial background to the construction of reinforced concrete shell roofs and describes the layout of typical structures. Examples of completed structures. Diagrams. | ||
| 650 | _aCONCRETE SHELL ROOFS | ||
| 650 | _aSHELL CONCRETE CONSTRUCTION | ||
| 650 | _aSHELL ROOFS | ||
| 650 | _aSHELL STRUCTURES | ||
| 690 | _aBUILT ENVIRONMENT | ||
| 942 | _n0 | ||
| 948 | _c04/03/1997 | ||
| 999 |
_c12409 _d12409 |
||